000 01639nac a22003851i 4500
003 EG-ScBUE
005 20241009122204.0
008 110718t2005 njua f b 001 0 eng d
020 _a0471644536
020 _a9780471644538
040 _aEG-ScBUE
_beng
_erda
_cEG-ScBUE
_dEG-ScBUE
082 0 4 _a515.35
_bBOY
_222
100 1 _aBoyce, William E.,
_eauthor.
_926324
245 1 0 _aElementary differential equations /
_cWilliam E. Boyce, Edward P. Hamilton professor emeritus, Richard C. DiPrima, formerly Eliza Ricketts Foundation professor, Department of Mathematical Sciences, Rensselaer Polytechnic Institute.
250 _aEighth edition.
264 1 _aHoboken, NJ :
_bJohn Wiley & Sons, Inc.,
_c[2005]
264 4 _cc2005
300 _axviii, 790 pages :
_bcolor illustrations ;
_c27 cm +
_e1 CD
336 _2rdacontent
_atext
_btxt
336 _2rdacontent
_asounds
_bsnd
337 _aunmediated
_2rdamedia
_bn
337 _aaudio
_2rdamedia
_bs
338 _avolume
_bnc
_2rdacarrier
338 _acomputer disc
_bcd
_2rdacarrier
504 _aIncludes bibliographical references and index.
650 7 _aDifferential equations.
_926325
_2BUEsh
650 7 _aBoundary value problems.
_926326
_2BUEsh
651 _2BUEsh
655 _vReading book
700 1 _aDiPrima, Richard C.,
_eauthor.
_926327
856 4 2 _3Contributor biographical information
_uhttp://www.loc.gov/catdir/bios/wiley047/2003070545.html
856 4 2 _3Publisher description
_uhttp://www.loc.gov/catdir/description/wiley041/2003070545.html
856 4 2 _3Table of contents
_uhttp://www.loc.gov/catdir/toc/wiley041/2003070545.html
942 _cBB
_2ddc
999 _c800
_d800